[Event "GER-chT North U12"]
[Site "Magdeburg"]
[Date "2014.09.11"]
[Round "1.1"]
[White "Suckert, Jannis"]
[Black "Bosselmann, Tom Linus"]
[Result "0-1"]
[WhiteElo "1046"]
[BlackElo "1605"]
[PlyCount "82"]
[EventDate "2014.09.11"]
[EventType "team-swiss"]
[EventRounds "7"]
[EventCountry "GER"]
[SourceTitle "EXT 2016"]
[Source "ChessBase"]
[SourceDate "2015.10.08"]
[SourceVersion "1"]
[SourceVersionDate "2015.10.08"]
[SourceQuality "1"]
[WhiteTeam "Gross Schoenebeck"]
[BlackTeam "Luebeck"]
[WhiteTeamCountry "GER"]
[BlackTeamCountry "GER"]

1. e4 c5 2. Nf3 e6 3. Nc3 a6 4. Be2 Nc6 5. 0-0 Be7 6. d4 cxd4 7. Nxd4 Qc7 8. Be3 Nf6 9. Bg5 h6 10. Bh4 b5 11. Nxc6 dxc6 12. Qd3 Bb7 13. Bf3 Rd8 14. Bg3 Rxd3 15. Bxc7 Rd2 16. e5 Nd5 17. Nxd5 cxd5 18. Rac1 0-0 19. Rfd1 Rxd1+ 20. Bxd1 Rc8 21. Bb6 Bg5 22. Be3 Bxe3 23. fxe3 Rc4 24. Bf3 g5 25. b3 Rc3 26. Kf2 Kg7 27. Bh5 Rc7 28. Bf3 Kg6 29. c4 bxc4 30. bxc4 dxc4 31. Bxb7 Rxb7 32. Rxc4 Rb2+ 33. Kf3 Rxa2 34. Rc6 a5 35. Ra6 Kf5 36. Ra7 Kg6 37. Ra6 a4 38. h3 a3 39. g4 Ra1 40. Ke2 a2 41. Kd2 Rh1 0-1